10 ngày học kế toán
Wedi'i Gadw mewn:
| Prif Awdur: | |
|---|---|
| Fformat: | Llyfr |
| Cyhoeddwyd: |
Nxb Trẻ
2000
|
| Tagiau: |
Ychwanegu Tag
Dim Tagiau, Byddwch y cyntaf i dagio'r cofnod hwn!
|
| Thư viện lưu trữ: | Mạng thư viện Đại học Đà Nẵng |
|---|
| LEADER | 00565nam a2200229 a 4500 | ||
|---|---|---|---|
| 001 | 000030276 | ||
| 003 | 10693 | ||
| 005 | 20171030145630.0 | ||
| 008 | 171030s2000 | ||
| 020 | |c 39000 | ||
| 040 | |a LTT | ||
| 082 | 0 | |a 657.04 |b LY-C | |
| 100 | 1 | |a Lý Thị Minh Châu | |
| 245 | 0 | 0 | |a 10 ngày học kế toán |c Lý Thị Minh Châu, Hoàng Huy Thông. |
| 260 | |b Nxb Trẻ |c 2000 | ||
| OWN | |a LTT | ||
| 999 | |a From the UDN01 | ||
| TYP | |a Monograph | ||
| TYP | |a Printed language | ||
| 980 | |a Mạng thư viện Đại học Đà Nẵng | ||